000 00398nam a22001217a 4500
082 _a220 PRO
100 _aBAQIR,FOAUD,ADNAN
_971801
245 _aPR-SOF-1219-A MULTI-AGENT INTELLIGENT AUTONOMOUS SOFTWARE SYSTEM IN A DYNAMIC ADVERSARIAL ENVIRONMENT
260 _aISLAMABAD
_bNUST COLLEGE OF EME
_c2012
650 _aDE-COMP-30
_971802
700 _aSUPERVISOR DR SHOAB A KHAN
_969958
942 _cCR
999 _c578123
_d578123